| 000 | 00991nam a2200301 a 4500 | ||
|---|---|---|---|
| 003 | MX-MxUPN | ||
| 005 | 20221015063728.0 | ||
| 008 | 200212t2017 mx rb 000 0 spa d | ||
| 020 | _a9786070296949 | ||
| 035 | _aUPN01000235500 | ||
| 040 |
_aMX-MxUPN _bspa _cMX-MxUPN |
||
| 041 | 0 | _aspa | |
| 050 | 1 | 4 |
_aBF311 _bV54 2017 |
| 100 | 1 |
_aVillagrán Vázquez, Gabina _947099 |
|
| 100 | 1 |
_aParada-Ampudia, Lorenia _947100 |
|
| 100 | 1 |
_aOrtiz Lachica, Fernando _947101 |
|
| 245 | 1 | 0 | _aManual de atención consciente (mindfulness) y conciencia corporal |
| 250 | _aPrimera edición. | ||
| 260 |
_aCiudad de México : _bUniversidad Nacional Autónoma de México, Facultad de Psicología, _c©2017. |
||
| 300 | _a87 páginas | ||
| 504 | _aIncluye referencias bibliográficas. | ||
| 650 | 7 |
_aConciencia (Psicología) _2 _910995 |
|
| 650 | 7 |
_aCiencia cognoscitiva _2 _99878 |
|
| 650 | 7 |
_aPercepción _2 _917947 |
|
| 902 | _aVíctor Ruiz/141022 | ||
| 942 |
_2lcc _cLIBRO |
||
| 999 |
_c207595 _d207595 |
||